Mikroprocessory i mašinnoje projektirovanije mikroprocessornych sistem V 2-knigach. Kniga 2
Guardado en:
| Autor principal: | |
|---|---|
| Formato: | Libro |
| Lenguaje: | ruso |
| Publicado: |
Moskva
Mir
1988
|
| Edición: | 1. izd. |
| Etiquetas: |
Sin Etiquetas, Sea el primero en etiquetar este registro!
|
MARC
| LEADER | 00000nam a2200000 4500 | ||
|---|---|---|---|
| 001 | c041123 | ||
| 005 | 20240912133902.3 | ||
| 041 | 0 | |a rus | |
| 044 | |a RU | ||
| 245 | 1 | 0 | |a Mikroprocessory i mašinnoje projektirovanije mikroprocessornych sistem |b V 2-knigach. Kniga 2 |c Mohamed Rafiquzzman ; [Z angl. prel.] A.A. Menna, L.V. Šabanov |
| 250 | |a 1. izd. | ||
| 264 | 1 | |a Moskva |b Mir |c 1988 | |
| 300 | |a 284 s. | ||
| 100 | 1 | |a Rafiquzzman, Mohamed | |